01000cam a22003011 45000010008000000030004000080050017000120080041000290100017000700350019000870400028001060420012001340500015001460820008001611000027001692450063001962600054002593000034003135000084003475040030004316500021004617000063004827000025005457300054005709060045006249420012006699990017006816078136OSt20231207142901.0781026m19591960njua 000 0 eng  a 59015138  a(OCoLC)4322079 aDLCcTxU-DadOCoLCdDLC apremarc00aQD33b.B33 a5401 aBaxter, John F.93502810aModern chemistryc[by] John F. Baxter and Luke E. Steiner. aEnglewood Cliffs, N.J.,bPrentice-Hall,c1959-60. aix, 278 pagesbillus.c22 cm. a"Especially prepared for [N. B. C.] Continental classroom [television course]" aBibliography: p. 262-263. 0aChemistry.910961 aSteiner, Luke E.q(Luke Eby),d1900-ejoint author.9350291 aYoung, Jay A.9350300 aContinental classroom (Television program)935031 a7bcbccoclcrplduencipf19gy-gencatlg 2lcccBK c48108d48108